[Event "38th ECC Open 2023"]
[Site "Durres ALB"]
[Date "2023.10.05"]
[Round "5.13"]
[Board "1"]
[White "Kadric, Denis"]
[Black "Aditya, Mittal"]
[Result "1/2-1/2"]
[WhiteTitle "GM"]
[BlackTitle "GM"]
[WhiteElo "2579"]
[BlackElo "2572"]
[WhiteTeam "Elektroprivreda"]
[BlackTeam "Gambit Asseco-SEE"]
[WhiteFideId "14403803"]
[BlackFideId "35042025"]
[EventDate "2023.10.01"]

1. e4 e5 2. Nf3 Nc6 3. Bc4 Nf6 4. d3 d5 5. exd5 Nxd5 6. O-O Nb6 7. Bb3 Bg4 8.
Re1 Qe7 9. c3 O-O-O 10. a4 a5 11. h3 Bh5 12. d4 f6 13. Nbd2 Kb8 14. Nf1 g5 15.
Ng3 Bg6 16. Bd2 h6 17. Bc2 Qh7 18. Bxg6 Qxg6 19. dxe5 Nxe5 20. Nxe5 fxe5 21. Qe2
Qc6 22. b3 Nd5 23. Qe4 Bc5 24. c4 Nb4 25. Bxb4 Qxe4 26. Nxe4 Bxb4 27. Re3 Rd4
28. g3 Rf8 29. Ra2 c6 30. Kg2 Kc7 31. Rae2 Rd1 32. Rf3 Rg1+ 33. Kxg1 Rxf3 34.
Re3 Rxe3 35. fxe3 Kd7 36. Kf2 Ke6 37. Kf3 Kf5 38. g4+ Ke6 39. Nf2 Be7 40. Ke4 c5
41. Nh1 Bd6 42. Ng3 Be7 43. Nf5 Bf8 44. h4 Kf6 45. h5 Ke6 46. Kd3 Kd7 47. e4 Kc6
48. Nd6 Kxd6 1/2-1/2

[Event "38th ECC Open 2023"]
[Site "Durres ALB"]
[Date "2023.10.05"]
[Round "5.13"]
[Board "2"]
[White "Arnaudov, G. Petar"]
[Black "Petrov, Nikita"]
[Result "1/2-1/2"]
[WhiteTitle "GM"]
[BlackTitle "GM"]
[WhiteElo "2428"]
[BlackElo "2551"]
[WhiteTeam "Gambit Asseco-SEE"]
[BlackTeam "Elektroprivreda"]
[WhiteFideId "2907127"]
[BlackFideId "4101286"]
[EventDate "2023.10.01"]

1. Nf3 d5 2. g3 Bg4 3. Bg2 c6 4. c4 e6 5. O-O Nf6 6. d3 dxc4 7. d4 Bxf3 8. Bxf3
Nbd7 9. Qc2 e5 10. dxe5 Nxe5 11. Bg2 Bc5 12. Nd2 Qd4 13. Ne4 Nxe4 14. Bxe4 Qd7
15. Bf4 Ng6 16. Bg5 O-O 17. Qxc4 Qg4 18. Qxc5 Qxe4 19. Be3 Ne7 20. f3 Qe6 21.
Bd4 Nf5 22. Bf2 b6 23. Qc3 c5 24. e4 Ne7 25. b4 cxb4 26. Qxb4 Rac8 27. Qb3 Nc6
28. Rac1 Ne5 29. Kg2 Qxb3 30. axb3 Nd3 31. Ra1 1/2-1/2

[Event "38th ECC Open 2023"]
[Site "Durres ALB"]
[Date "2023.10.05"]
[Round "5.13"]
[Board "4"]
[White "Veljanoski, Andrej"]
[Black "Tomic, Aleksandar"]
[Result "0-1"]
[WhiteTitle "FM"]
[BlackTitle "IM"]
[WhiteElo "2261"]
[BlackElo "2405"]
[WhiteTeam "Gambit Asseco-SEE"]
[BlackTeam "Elektroprivreda"]
[WhiteFideId "15003604"]
[BlackFideId "16501799"]
[EventDate "2023.10.01"]

1. e4 c5 2. Nf3 e6 3. d4 cxd4 4. Nxd4 Nc6 5. Nc3 Qc7 6. g3 a6 7. Bg2 Nf6 8. O-O
Nxd4 9. Qxd4 Bc5 10. Bf4 d6 11. Qd3 h6 12. Rad1 e5 13. Bc1 Be6 14. Kh1 Rc8 15.
Nd5 Nxd5 16. exd5 Bg4 17. Rde1 O-O 18. h3 Bd7 19. f4 f5 20. fxe5 dxe5 21. g4 f4
22. c4 Bd6 23. b3 b5 24. Bb2 bxc4 25. bxc4 Qxc4 26. Qxc4 Rxc4 27. Bxe5 Bxe5 28.
Rxe5 Rd4 29. g5 Rf5 30. Re7 Bb5 31. Rg1 Rxg5 32. Rc1 Bc4 33. d6 Rxd6 34. Be4 Re6
35. Rxe6 Bxe6 36. Rc6 Bxh3 37. Rxa6 Kf7 38. Ra3 Be6 39. Rf3 Kf6 40. Rxf4+ Ke5
41. Rh4 Bxa2 42. Kh2 Bd5 43. Bh7 h5 44. Ra4 g6 45. Kh3 Kf6 46. Kh4 Rg1 47. Ra6+
Kg7 48. Bxg6 Rxg6 49. Ra5 Bf3 0-1

[Event "38th ECC Open 2023"]
[Site "Durres ALB"]
[Date "2023.10.05"]
[Round "5.13"]
[Board "5"]
[White "Kisic, Bozidar"]
[Black "Zlatkov, Anton"]
[Result "0-1"]
[WhiteTitle "FM"]
[WhiteElo "2211"]
[BlackElo "2198"]
[WhiteTeam "Elektroprivreda"]
[BlackTeam "Gambit Asseco-SEE"]
[WhiteFideId "16500350"]
[BlackFideId "15005402"]
[EventDate "2023.10.01"]

1. d4 Nf6 2. Nf3 e6 3. g3 b6 4. Bg2 Bb7 5. O-O Be7 6. a4 a5 7. Nbd2 O-O 8. Re1
d5 9. b3 c5 10. dxc5 bxc5 11. Bb2 Nc6 12. e3 Nb4 13. Ne5 Qc7 14. f4 Rfd8 15. c3
Nc6 16. Nxc6 Bxc6 17. Qc2 Rab8 18. Ba3 Rb6 19. Rab1 Rdb8 20. c4 Qb7 21. cxd5
Bxd5 22. Bxd5 exd5 23. Qf5 Re6 24. Bb2 Ne4 25. Nxe4 Rxe4 26. Bc3 g6 27. Qh3 Qa6
28. Qf1 Qe6 29. Bxa5 Rxe3 30. Bd2 Re4 31. a5 Bf6 32. Qd3 Qf5 33. Rxe4 dxe4 34.
Qc2 Bd4+ 35. Kh1 Qd5 36. Be1 e3+ 37. Kg1 Qf3 38. Qg2 e2+ 39. Bf2 Qd3 40. Re1 Bc3 0-1

[Event "38th ECC Open 2023"]
[Site "Durres ALB"]
[Date "2023.10.05"]
[Round "5.13"]
[Board "6"]
[White "Andonovski, Ljubisa"]
[Black "Pobor, Milo"]
[Result "1/2-1/2"]
[WhiteTitle "FM"]
[BlackTitle "FM"]
[WhiteElo "2268"]
[BlackElo "2208"]
[WhiteTeam "Gambit Asseco-SEE"]
[BlackTeam "Elektroprivreda"]
[WhiteFideId "15000427"]
[BlackFideId "16503589"]
[EventDate "2023.10.01"]

1. d4 Nf6 2. Nf3 d5 3. c4 e6 4. g3 Be7 5. Bg2 O-O 6. O-O dxc4 7. Qc2 a6 8. a4
Bd7 9. Qxc4 Bc6 10. Bg5 Bd5 11. Qc2 Be4 12. Qc1 h6 13. Bf4 Nc6 14. Nbd2 Nxd4 15.
Nxd4 Bxg2 16. Nxe6 fxe6 17. Kxg2 Nd5 18. Nf3 Nxf4+ 19. gxf4 Bd6 20. e3 Qf6 21.
Qc4 Kh8 22. Qe4 Rae8 23. Ne5 Bxe5 24. fxe5 Qe7 25. f4 c6 26. Rad1 Rd8 27. b4 Rd5
28. Rxd5 cxd5 29. Qb1 Rc8 30. Rc1 Qd7 31. Rxc8+ Qxc8 32. Qg6 Qc3 33. Qxe6 Qd2+
34. Kf3 Qd1+ 35. Kf2 Qd2+ 36. Kf3 Qd1+ 1/2-1/2

[Event "38th ECC Open 2023"]
[Site "Durres ALB"]
[Date "2023.10.05"]
[Round "5.20"]
[Board "1"]
[White "Bosiocic, Marin"]
[Black "Baskin, Robert"]
[Result "0-1"]
[WhiteTitle "GM"]
[BlackTitle "IM"]
[WhiteElo "2534"]
[BlackElo "2451"]
[WhiteTeam "Chess Club Dardania"]
[BlackTeam "CE Gambit Bonnevoie"]
[WhiteFideId "14507927"]
[BlackFideId "24662402"]
[EventDate "2023.10.01"]

1. d4 d5 2. c4 c6 3. Nf3 Nf6 4. Nc3 dxc4 5. a4 Bf5 6. Ne5 e6 7. f3 Bb4 8. Nxc4
O-O 9. Kf2 h6 10. e4 Bh7 11. Be3 a5 12. Be2 Na6 13. Na2 Be7 14. Qb3 Nb4 15. Nxb4
Bxb4 16. Ne5 Qc7 17. Nd3 Be7 18. Bf4 Qd7 19. Be5 Qc8 20. Nc5 Nd7 21. Nxe6 fxe6
22. Qxe6+ Rf7 23. Bc4 Nxe5 24. dxe5 Bc5+ 25. Ke2 Qxe6 26. Bxe6 Re8 27. Bb3 Kf8
28. Bxf7 Kxf7 29. Rhd1 Rxe5 30. Rd8 Re7 31. Rad1 Bf5 32. Ra8 Bb4 33. Rdd8 Be6
34. h4 h5 35. Ke3 Rc7 36. Kf4 Kg6 37. Ke5 Bb3 38. f4 Be7 39. f5+ Kf7 40. Rd3 Bc4
41. Rd4 b5 42. Kf4 c5 43. Rd2 g6 44. axb5 gxf5 45. b6 Rb7 46. Rh8 fxe4 47. Rh6
Bd3 48. g4 hxg4 49. h5 c4 50. Rf2 Ke8 51. Rg2 e3 52. Rh8+ Kf7 53. Kxe3 Bg5+ 54.
Kf2 Bh4+ 55. Kg1 g3 56. Rc8 Rxb6 57. Rc7+ Kg8 58. Rd2 Bg5 59. Rd1 Rxb2 60. Re1
Be2 61. Kg2 Bf4 62. Re7 Bxh5+ 63. Kg1 Bd6 0-1

[Event "38th ECC Open 2023"]
[Site "Durres ALB"]
[Date "2023.10.06"]
[Round "6.1"]
[Board "2"]
[White "Suleymanli, Aydin"]
[Black "Grandelius, Nils"]
[Result "0-1"]
[WhiteTitle "GM"]
[BlackTitle "GM"]
[WhiteElo "2588"]
[BlackElo "2689"]
[WhiteTeam "Vugar Gashimov"]
[BlackTeam "Novy Bor"]
[WhiteFideId "13413937"]
[BlackFideId "1710400"]
[EventDate "2023.10.01"]

1. e4 e5 2. Nf3 Nc6 3. Bb5 a6 4. Ba4 Bc5 5. c3 Nge7 6. O-O Ng6 7. d4 Ba7 8. Bg5
f6 9. Be3 O-O 10. d5 Nce7 11. d6 cxd6 12. Bxa7 Rxa7 13. Qxd6 b5 14. Bb3+ Kh8 15.
a4 Rb7 16. a5 Rc7 17. Nbd2 Bb7 18. Rfe1 Rc6 19. Qa3 Rc8 20. Nf1 f5 21. Ng5 fxe4
22. Rad1 Nf4 23. Ne6 Nxe6 24. Bxe6 Bc6 25. Ng3 Qe8 26. Bg4 Qf7 27. Kh1 Ng6 28.
Qd6 Qxf2 29. Re2 Qf6 30. Qxf6 gxf6 31. Rd6 Nf4 32. Re3 Nd3 33. Re2 Nf4 34. Re3
Nd3 35. Re2 b4 36. Bf5 bxc3 37. bxc3 Rb8 38. h4 Nf4 39. Ra2 e3 40. Bxd7 Bd5 0-1

[Event "38th ECC Open 2023"]
[Site "Durres ALB"]
[Date "2023.10.06"]
[Round "6.1"]
[Board "3"]
[White "Navara, David"]
[Black "Asadli, Vugar"]
[Result "1-0"]
[WhiteTitle "GM"]
[BlackTitle "GM"]
[WhiteElo "2689"]
[BlackElo "2563"]
[WhiteTeam "Novy Bor"]
[BlackTeam "Vugar Gashimov"]
[WhiteFideId "309095"]
[BlackFideId "13405764"]
[EventDate "2023.10.01"]

1. d4 Nf6 2. c4 g6 3. Nc3 Bg7 4. e4 d6 5. Nf3 O-O 6. Be2 e5 7. O-O Na6 8. Be3
Qe7 9. d5 Ng4 10. Bg5 f6 11. Bh4 g5 12. Bg3 f5 13. exf5 Bxf5 14. Nd2 Nf6 15. Re1
Nc5 16. b4 Nd3 17. Qb1 Nxe1 18. Qxf5 a5 19. b5 Nd7 20. Qe6+ Qxe6 21. dxe6 Nc2
22. Rc1 Nd4 23. exd7 Nxe2+ 24. Nxe2 Rad8 25. Ne4 h6 26. c5 Rxd7 27. c6 bxc6 28.
bxc6 Rdf7 29. N2c3 Rb8 30. f3 Rb4 31. Nd5 Rd4 32. Ne3 Rd3 33. Rc3 Rd4 34. Rc2
Rd3 35. Kf2 Rf8 36. Ke2 Rd4 37. Be1 Ra8 38. Nc3 1-0

[Event "38th ECC Open 2023"]
[Site "Durres ALB"]
[Date "2023.10.06"]
[Round "6.1"]
[Board "4"]
[White "Ahmadzada, Ahmad"]
[Black "Nguyen, Thai Dai Van"]
[Result "1/2-1/2"]
[WhiteTitle "IM"]
[BlackTitle "GM"]
[WhiteElo "2494"]
[BlackElo "2618"]
[WhiteTeam "Vugar Gashimov"]
[BlackTeam "Novy Bor"]
[WhiteFideId "13413007"]
[BlackFideId "358878"]
[EventDate "2023.10.01"]

1. e4 c5 2. c3 Nf6 3. e5 Nd5 4. d4 cxd4 5. Nf3 d6 6. cxd4 Nc6 7. Bc4 dxe5 8.
dxe5 Be6 9. O-O Nc7 10. Qe2 Bxc4 11. Qxc4 g6 12. Nc3 Bg7 13. Rd1 Qb8 14. Bf4 Ne6
15. Ng5 Nxg5 16. e6 Qc8 17. Bxg5 Qxe6 18. Nd5 O-O 19. Re1 Qf5 20. Bxe7 Rfc8 21.
Bb4 Bxb2 22. Rab1 Bd4 23. Qxd4 Nxd4 24. Ne7+ Kg7 25. Nxf5+ Nxf5 26. g4 Nd4 27.
Re7 Rc4 28. Rxb7 Nc6 29. h3 Nxb4 30. R7xb4 Rac8 31. Kg2 1/2-1/2

[Event "38th ECC Open 2023"]
[Site "Durres ALB"]
[Date "2023.10.06"]
[Round "6.1"]
[Board "5"]
[White "Anton Guijarro, David"]
[Black "Samadov, Read"]
[Result "1/2-1/2"]
[WhiteTitle "GM"]
[BlackTitle "IM"]
[WhiteElo "2653"]
[BlackElo "2492"]
[WhiteTeam "Novy Bor"]
[BlackTeam "Vugar Gashimov"]
[WhiteFideId "2285525"]
[BlackFideId "13417444"]
[EventDate "2023.10.01"]

1. e4 c5 2. Nf3 d6 3. Bb5+ Nd7 4. Ba4 Nf6 5. O-O e6 6. d3 Be7 7. c4 O-O 8. Nc3
Ne5 9. Ne1 Bd7 10. Bxd7 Qxd7 11. f4 Nc6 12. g4 Ne8 13. f5 Bf6 14. Nf3 Ne5 15. g5
Nxf3+ 16. Qxf3 Bxc3 17. bxc3 exf5 18. Qxf5 Qe7 19. Rb1 b6 20. Rb2 Nc7 21. Rbf2
a6 22. a4 Rab8 23. h4 b5 24. axb5 axb5 25. cxb5 Rxb5 26. Qg4 Qe6 27. Qg3 Rbb8
28. Rf6 Qb3 29. c4 Ne6 30. R6f2 Qc3 31. Bf4 Nxf4 32. Rxf4 Rb3 33. R4f3 Qe5 34.
Kg2 Rb2+ 35. R1f2 Rxf2+ 36. Rxf2 f6 37. Qxe5 dxe5 38. Ra2 Rd8 39. gxf6 Rxd3 40.
fxg7 Kxg7 1/2-1/2

[Event "38th ECC Open 2023"]
[Site "Durres ALB"]
[Date "2023.10.06"]
[Round "6.1"]
[Board "6"]
[White "Sadikhov, Ulvi"]
[Black "Bartel, Mateusz"]
[Result "0-1"]
[WhiteTitle "GM"]
[BlackTitle "GM"]
[WhiteElo "2492"]
[BlackElo "2651"]
[WhiteTeam "Vugar Gashimov"]
[BlackTeam "Novy Bor"]
[WhiteFideId "13401416"]
[BlackFideId "1112635"]
[EventDate "2023.10.01"]

1. c4 e6 2. g3 d5 3. Bg2 dxc4 4. Qa4+ Qd7 5. Qxc4 c5 6. Nf3 Nc6 7. O-O Nf6 8.
Nc3 Be7 9. d4 cxd4 10. Rd1 e5 11. e3 d3 12. Ng5 O-O 13. Rxd3 Qe8 14. Nb5 Na5 15.
Qa4 Bd7 16. Qxa5 Bxb5 17. Rb3 Bc6 18. Bd2 Rd8 19. Bxc6 Qxc6 20. Rc1 Qd7 21. Rc7
Qg4 22. Rxe7 b6 23. Qxe5 Rxd2 24. Qf4 Rd1+ 25. Kg2 Qe2 26. g4 h6 27. Ne4 Nd5 28.
Qe5 Nxe7 29. Qxe7 Qxg4+ 30. Ng3 Rd7 31. Qe5 Rc8 32. h3 Qg6 33. e4 Rd2 34. Rf3
Qe6 35. Qf4 Rcc2 36. Nf5 Qg6+ 37. Kh2 Qg5 0-1

[Event "38th ECC Open 2023"]
[Site "Durres ALB"]
[Date "2023.10.06"]
[Round "6.2"]
[Board "1"]
[White "Rapport, Richard"]
[Black "Carlsen, Magnus"]
[Result "1/2-1/2"]
[WhiteTitle "GM"]
[BlackTitle "GM"]
[WhiteElo "2752"]
[BlackElo "2839"]
[WhiteTeam "Superchess"]
[BlackTeam "Offerspill Sjakklubb"]
[WhiteFideId "738590"]
[BlackFideId "1503014"]
[EventDate "2023.10.01"]

1. e4 c5 2. Nf3 Nc6 3. Bb5 g6 4. O-O Bg7 5. Re1 e5 6. Bxc6 dxc6 7. d3 Qe7 8.
Nbd2 Nf6 9. Nc4 Nd7 10. h4 Nb6 11. Ne3 h5 12. g3 Be6 13. b3 f6 14. Qd2 Nd7 15.
a4 a5 16. Nc4 Bh6 17. Qc3 Bxc1 18. Raxc1 b6 19. Qd2 O-O-O 20. Qe3 Kb7 21. Kh1
Nf8 22. Rg1 Bf7 23. Rg2 Ne6 24. Nfd2 Qc7 25. Qf3 Qe7 26. Qe3 Qc7 27. Qf3 Qe7 28.
Qe3 1/2-1/2

[Event "38th ECC Open 2023"]
[Site "Durres ALB"]
[Date "2023.10.06"]
[Round "6.2"]
[Board "2"]
[White "Sadhwani, Raunak"]
[Black "Anand, Viswanathan"]
[Result "1/2-1/2"]
[WhiteTitle "GM"]
[BlackTitle "GM"]
[WhiteElo "2641"]
[BlackElo "2754"]
[WhiteTeam "Offerspill Sjakklubb"]
[BlackTeam "Superchess"]
[WhiteFideId "35093487"]
[BlackFideId "5000017"]
[EventDate "2023.10.01"]

1. e4 e5 2. Nf3 Nc6 3. Bb5 a6 4. Ba4 Nf6 5. O-O Nxe4 6. d4 b5 7. Bb3 d5 8. dxe5
Be6 9. c3 Be7 10. Nbd2 Nc5 11. Bc2 d4 12. Nb3 dxc3 13. Nxc5 Bxc5 14. Be4 Qd7 15.
Bg5 h6 16. Qc2 hxg5 17. Rfd1 Nd4 18. Nxd4 Bxd4 19. bxc3 Rd8 20. Rxd4 Qe7 21.
Bc6+ Kf8 22. Rxd8+ Qxd8 23. Rd1 Qe7 24. Qd2 g6 25. Qd8+ Qxd8 26. Rxd8+ Kg7 27.
Rxh8 Kxh8 28. a3 Kg7 29. f3 f6 30. exf6+ Kxf6 31. Kf2 Ke7 32. Ke3 Kd6 33. Be8
Bf5 34. g4 Bb1 35. f4 Ke7 36. Bc6 Kd6 37. Be8 Ke7 38. Bc6 Kd6 39. Be8 1/2-1/2

[Event "38th ECC Open 2023"]
[Site "Durres ALB"]
[Date "2023.10.06"]
[Round "6.2"]
[Board "3"]
[White "Deac, Bogdan-Daniel"]
[Black "Tari, Aryan"]
[Result "1-0"]
[WhiteTitle "GM"]
[BlackTitle "GM"]
[WhiteElo "2701"]
[BlackElo "2619"]
[WhiteTeam "Superchess"]
[BlackTeam "Offerspill Sjakklubb"]
[WhiteFideId "1226380"]
[BlackFideId "1510045"]
[EventDate "2023.10.01"]

1. a3 g6 2. d4 Nf6 3. Nd2 d5 4. Ngf3 Bg7 5. e3 O-O 6. Be2 c5 7. O-O cxd4 8. exd4
Nc6 9. Re1 e5 10. Nxe5 Nxd4 11. Bd3 Re8 12. c3 Nc6 13. Ndf3 Nxe5 14. Rxe5 Rxe5
15. Nxe5 Nd7 16. Nf3 Ne5 17. Be2 Nc6 18. Be3 Bg4 19. Rc1 Qd6 20. Rc2 Re8 21. Rd2
Qe7 22. h3 Be6 23. Bf1 h6 24. Nd4 Bd7 25. Ne2 Ne5 26. Nf4 Qh4 27. g3 Qf6 28.
Bxa7 g5 29. Nxd5 Qe6 30. Nc7 Qc6 31. Nxe8 Nf3+ 32. Qxf3 Qxf3 33. Rxd7 Be5 34.
Rd3 Qc6 35. Rd8 Qf3 36. Nf6+ Kg7 37. Ng4 f6 38. Rd7+ 1-0

[Event "38th ECC Open 2023"]
[Site "Durres ALB"]
[Date "2023.10.06"]
[Round "6.2"]
[Board "4"]
[White "Pranav, V"]
[Black "Van Foreest, Jorden"]
[Result "1-0"]
[WhiteTitle "GM"]
[BlackTitle "GM"]
[WhiteElo "2579"]
[BlackElo "2707"]
[WhiteTeam "Offerspill Sjakklubb"]
[BlackTeam "Superchess"]
[WhiteFideId "25060783"]
[BlackFideId "1039784"]
[EventDate "2023.10.01"]

1. e4 e5 2. Nf3 Nc6 3. Bb5 a6 4. Ba4 Nf6 5. O-O Be7 6. d3 b5 7. Bb3 d6 8. c3 O-O
9. a4 Bd7 10. Bc2 Re8 11. Re1 h6 12. h3 Bf8 13. Nbd2 Ne7 14. d4 Ng6 15. Nf1 Qb8
16. Ng3 Bc6 17. Bd2 Qb7 18. Qb1 Bd7 19. b4 bxa4 20. Bxa4 Bxa4 21. Rxa4 d5 22.
exd5 Nxd5 23. dxe5 Qc6 24. Qb3 Nb6 25. Ra2 Nc4 26. Nd4 Qd5 27. f4 Rad8 28. Bc1
Bxb4 29. cxb4 Qxd4+ 30. Kh2 Nb6 31. e6 Qd5 32. Qb1 Qd3 33. Qa1 fxe6 34. Rd2 Qb5
35. Rxd8 Rxd8 36. f5 exf5 37. Bxh6 Rd7 38. Nh5 Qxb4 39. Bxg7 Qd6+ 40. Kh1 Nd5
41. Be5 Nxe5 42. Rxe5 Nc3 43. Qxc3 Qd1+ 44. Kh2 Qxh5 45. g4 Qh6 46. Rxf5 Qd2+
47. Qxd2 Rxd2+ 48. Kg3 Rd8 49. Ra5 Ra8 50. Kf4 c5 51. Ke4 Kg7 52. Kd5 Rh8 53.
Ra3 Rc8 54. Rxa6 c4 55. Ra2 c3 56. Rc2 Kg6 57. Kd4 Rd8+ 58. Kxc3 Rh8 59. Rh2 Kg5
60. Kd4 Rh7 61. Ke4 Rh8 62. Kf3 Kh4 63. Re2 Rf8+ 64. Kg2 Ra8 65. Re7 Ra2+ 66.
Kf3 Ra3+ 67. Kf4 Ra4+ 68. Kf5 Ra5+ 69. Kf6 Ra6+ 70. Re6 Ra5 71. Kg6 Ra3 72. g5
Re3 73. Rf6 Rf3 74. Kh6 Rxh3 75. g6 1-0

[Event "38th ECC Open 2023"]
[Site "Durres ALB"]
[Date "2023.10.06"]
[Round "6.2"]
[Board "6"]
[White "Urkedal, Frode Olav Olsen"]
[Black "Shevchenko, Kirill"]
[Result "1/2-1/2"]
[WhiteTitle "GM"]
[BlackTitle "GM"]
[WhiteElo "2519"]
[BlackElo "2671"]
[WhiteTeam "Offerspill Sjakklubb"]
[BlackTeam "Superchess"]
[WhiteFideId "1506102"]
[BlackFideId "14129574"]
[EventDate "2023.10.01"]

1. d4 Nf6 2. c4 g6 3. Nc3 Bg7 4. e4 d6 5. h3 O-O 6. Be3 Na6 7. Nf3 c6 8. Be2 e5
9. d5 Nh5 10. g3 cxd5 11. Nxd5 Nf6 12. Nxf6+ Bxf6 13. h4 b6 14. Nh2 Bb7 15. Bf3
Rc8 16. Qe2 Nc5 17. h5 Bg5 18. Rd1 Qe7 19. O-O Ne6 20. b3 Rcd8 21. Bg2 Bxe3 22.
Qxe3 Qg5 23. hxg6 fxg6 24. Rfe1 Qxe3 25. Rxe3 Kf7 26. Bh3 Ng5 27. Bg2 Ke7 28.
Nf3 Ne6 29. Ne1 h5 30. Nc2 Rf6 31. Nb4 a5 32. Nd5+ Bxd5 33. exd5 Ng5 34. b4 Rc8
35. c5 bxc5 36. bxa5 c4 37. a6 Rff8 38. Rb1 Rc5 39. a7 Ra5 40. Rb7+ Kf6 41. f4
Nf7 42. Rf3 e4 43. Rc3 Ra8 44. Rxc4 R8xa7 45. Rxa7 Rxa7 46. a4 e3 47. Re4 Kg7
48. Kf1 Nh6 49. Bh3 Ng8 50. Ke2 Nf6 51. Rd4 Rb7 52. Be6 Rb3 53. Rd3 Rb2+ 54.
Kxe3 Ra2 55. Rd4 Ra3+ 56. Kf2 Kh6 57. Kg2 g5 58. fxg5+ Kxg5 59. Rf4 Ra2+ 60. Kf1
Ra3 61. Kg2 Ra2+ 62. Kf1 Ra3 1/2-1/2

[Event "38th ECC Open 2023"]
[Site "Durres ALB"]
[Date "2023.10.06"]
[Round "6.3"]
[Board "1"]
[White "Vachier-Lagrave, Maxime"]
[Black "Mikhalevski, Victor"]
[Result "1-0"]
[WhiteTitle "GM"]
[BlackTitle "GM"]
[WhiteElo "2727"]
[BlackElo "2527"]
[WhiteTeam "Asnieres - Le Grand Echiquier"]
[BlackTeam "Beer Sheva Chess Club"]
[WhiteFideId "623539"]
[BlackFideId "2801914"]
[EventDate "2023.10.01"]

1. Nf3 d5 2. g3 g6 3. Bg2 Bg7 4. d4 Nf6 5. O-O O-O 6. c4 c6 7. Qa4 b5 8. cxb5
cxb5 9. Qd1 Nc6 10. Bf4 Ne4 11. Nc3 Nxc3 12. bxc3 Na5 13. a4 bxa4 14. Ne5 Bxe5
15. dxe5 Be6 16. Rxa4 Nc4 17. Ra6 Qc8 18. Qa4 Nb6 19. Qa3 Nc4 20. Qa4 Nb6 21.
Qa1 Qc7 22. Rb1 Rfb8 23. h4 Nc4 24. Rxb8+ Qxb8 25. h5 gxh5 26. Qa4 Qb7 27. Kh2
Nb6 28. Qa2 Qc7 29. Qa5 Qb7 30. Qb5 Rb8 31. Bf3 Nc4 32. Qa4 Nb6 33. Qa2 Ra8 34.
c4 Qd7 35. Rxb6 1-0

[Event "38th ECC Open 2023"]
[Site "Durres ALB"]
[Date "2023.10.06"]
[Round "6.3"]
[Board "2"]
[White "Kobo, Ori"]
[Black "Martirosyan, Haik M."]
[Result "1/2-1/2"]
[WhiteTitle "GM"]
[BlackTitle "GM"]
[WhiteElo "2551"]
[BlackElo "2696"]
[WhiteTeam "Beer Sheva Chess Club"]
[BlackTeam "Asnieres - Le Grand Echiquier"]
[WhiteFideId "2812320"]
[BlackFideId "13306553"]
[EventDate "2023.10.01"]

1. e4 e5 2. Nf3 Nc6 3. Bb5 Nf6 4. O-O Nxe4 5. Re1 Nd6 6. Nxe5 Be7 7. Bf1 Nxe5 8.
Rxe5 O-O 9. d4 Bf6 10. Re1 Nf5 11. c3 d5 12. Bf4 Bg5 13. Bxg5 Qxg5 14. Nd2 c6
15. Re5 Qd8 16. Bd3 g6 17. Qc2 f6 18. Re2 Qd6 19. a4 Bd7 20. a5 Rfe8 21. Rae1
Rxe2 22. Rxe2 Ng7 23. Qb3 Qc7 24. Re7 Re8 25. Qb4 Ne6 26. h3 b6 27. axb6 axb6
28. Qa3 Rxe7 29. Qxe7 Qd8 30. Qd6 Qc7 31. Qe7 1/2-1/2

[Event "38th ECC Open 2023"]
[Site "Durres ALB"]
[Date "2023.10.06"]
[Round "6.3"]
[Board "3"]
[White "Moussard, Jules"]
[Black "Steinberg, Nitzan"]
[Result "1/2-1/2"]
[WhiteTitle "GM"]
[BlackTitle "GM"]
[WhiteElo "2642"]
[BlackElo "2543"]
[WhiteTeam "Asnieres - Le Grand Echiquier"]
[BlackTeam "Beer Sheva Chess Club"]
[WhiteFideId "642908"]
[BlackFideId "2801795"]
[EventDate "2023.10.01"]

1. e4 c5 2. Nf3 d6 3. d4 cxd4 4. Nxd4 Nf6 5. Nc3 Nc6 6. Bc4 Qb6 7. Nb3 e6 8. Bf4
Ne5 9. Be2 a6 10. Be3 Qc7 11. a4 Nc4 12. Bxc4 Qxc4 13. Qd3 Qxd3 14. cxd3 Be7 15.
h3 O-O 16. g4 Bd7 17. a5 Rac8 18. Ke2 h6 19. Nd2 Bc6 20. Rhc1 d5 21. f3 dxe4 22.
fxe4 Nd7 23. Nb3 f5 24. Nd4 f4 25. Bf2 Kf7 26. Nf3 e5 27. Rd1 Bb4 28. Be1 Rfd8
29. d4 Bxc3 30. Bxc3 Bxe4 31. Nxe5+ Ke6 32. d5+ Bxd5 33. Ng6 Rc4 34. Rd4 f3+ 35.
Kf2 Rxd4 36. Bxd4 Kf7 37. Nh4 Nf8 38. Bc3 Ne6 39. Nxf3 Bxf3 40. Kxf3 Rd3+ 41.
Ke4 Nc5+ 42. Ke5 Nd7+ 43. Ke4 Rxh3 44. Rd1 Ke6 45. Bxg7 Nc5+ 1/2-1/2

[Event "38th ECC Open 2023"]
[Site "Durres ALB"]
[Date "2023.10.06"]
[Round "6.3"]
[Board "4"]
[White "Greenfeld, Alon"]
[Black "Oparin, Grigoriy"]
[Result "0-1"]
[WhiteTitle "GM"]
[BlackTitle "GM"]
[WhiteElo "2455"]
[BlackElo "2681"]
[WhiteTeam "Beer Sheva Chess Club"]
[BlackTeam "Asnieres - Le Grand Echiquier"]
[WhiteFideId "2800039"]
[BlackFideId "24125890"]
[EventDate "2023.10.01"]

1. Nf3 Nf6 2. c4 b6 3. Nc3 Bb7 4. d4 e6 5. a3 d5 6. cxd5 Nxd5 7. Qc2 Be7 8. e4
Nxc3 9. bxc3 O-O 10. Bd3 c5 11. O-O Qc7 12. Qe2 Rd8 13. Rd1 Nd7 14. a4 Rac8 15.
g3 e5 16. d5 c4 17. Bb1 a6 18. Ba3 Bxa3 19. Rxa3 Nf6 20. Bc2 Ne8 21. Qe3 Rb8 22.
Rb1 Bc8 23. Ra2 Bd7 24. Rab2 b5 25. axb5 Bxb5 26. Bd1 Qe7 27. Ba4 Nd6 28. Bxb5
axb5 29. Ra2 h6 30. Ra7 Qf6 31. Ra6 Ra8 32. Rba1 Nf5 33. Rxa8 Nxe3 34. fxe3 Rxa8
35. Rxa8+ Kh7 36. Kf2 Qg6 37. Ra2 b4 38. cxb4 Qxe4 39. d6 c3 40. d7 Qd5 41. Ra7
c2 42. Rc7 Qxd7 0-1

[Event "38th ECC Open 2023"]
[Site "Durres ALB"]
[Date "2023.10.06"]
[Round "6.3"]
[Board "5"]
[White "Movsesian, Sergei"]
[Black "Postny, Evgeny"]
[Result "1/2-1/2"]
[WhiteTitle "GM"]
[BlackTitle "GM"]
[WhiteElo "2606"]
[BlackElo "2568"]
[WhiteTeam "Asnieres - Le Grand Echiquier"]
[BlackTeam "Beer Sheva Chess Club"]
[WhiteFideId "310204"]
[BlackFideId "2804344"]
[EventDate "2023.10.01"]

1. e4 e5 2. Nf3 Nc6 3. d4 exd4 4. Nxd4 Qf6 5. Nf3 Bb4+ 6. c3 Bc5 7. Be2 h6 8.
O-O Nge7 9. Qc2 a5 10. Na3 Bxa3 11. bxa3 d5 12. exd5 Nxd5 13. c4 Bf5 14. Bd3
Nde7 15. Rb1 b6 16. Bb2 Bxd3 17. Qxd3 Qf5 18. Qxf5 Nxf5 19. c5 O-O 20. cxb6 cxb6
21. Ne5 Nxe5 22. Bxe5 Rfe8 23. Bc7 Re2 24. Bxb6 Rxa2 25. Rb5 Nd6 26. Rxa5 Rxa5
27. Bxa5 Rxa3 28. Bb4 Rd3 29. Bxd6 Rxd6 30. h4 1/2-1/2